Las filosofías sociales de nuestra época de crisis
Guardat en:
| Autor principal: | |
|---|---|
| Format: | Llibre |
| Idioma: | espanyol |
| Publicat: |
Madrid
Aguilar
1954
|
| Col·lecció: | Literaria
|
| Matèries: | |
| Etiquetes: |
Afegir etiqueta
Sense etiquetes, Sigues el primer a etiquetar aquest registre!
|
MARC
| LEADER | 00000nam a2200000 a 4500 | ||
|---|---|---|---|
| 001 | UCS6630 | ||
| 003 | CL-VaPUC | ||
| 005 | 20230505121020.0 | ||
| 008 | 970926e19540000SP |||||||||||||||||spa|d | ||
| 999 | |c 262275 |d 262273 | ||
| 040 | |c Pontificia Universidad Católica de Valparaíso | ||
| 082 | 0 | 4 | |a 190 |b SOR |2 21 |
| 100 | 0 | |a Sorokin, Pitirim A |e author |9 391981 | |
| 245 | 1 | 4 | |a Las filosofías sociales de nuestra época de crisis |
| 246 | 1 | 3 | |a El hombre frente a la crisis: Danilevsky, Spengler, Toynbee, Schubart, Berdiaeff, Northrop, Kroeber, Schweitzer |
| 260 | |a Madrid |b Aguilar |c 1954 | ||
| 300 | |a 426 p | ||
| 490 | 0 | |a Literaria | |
| 583 | |a last modification |c 20121220 07:49:02 |k Rodrigo Vera | ||
| 600 | 0 | 7 | |a DANILEVSKY, NICOLAS |2 CL-VaPUC |9 346901 |
| 600 | 0 | 7 | |a SPENGLER, OSWALD |2 CL-VaPUC |9 319674 |
| 600 | 0 | |a Toynbee, Arnold Joseph |e autor |9 315218 | |
| 600 | 0 | 7 | |a SCHUBART, WALTER |2 CL-VaPUC |9 346902 |
| 600 | 0 | |a Berdiaev, Nicolás |9 326534 | |
| 600 | 0 | 7 | |a Kroeber, Alfred L |d 1876-1960 |9 859715 |
| 600 | 0 | 7 | |a SCHWEITZER, ALBERT |2 CL-VaPUC |9 346904 |
| 650 | 0 | |a Filosofía |9 223554 | |
| 650 | 0 | |a Filosofía occidental |9 346905 | |
| 650 | 0 | |a Sociedad |9 307903 | |
| 650 | 0 | |a Historia |9 255047 | |
| 852 | |a BIBCUR | ||
| 942 | |c BK |2 ddc | ||
| 945 | |d 19970926 00:00:00 |a lriquelm | ||
| 952 | |0 0 |1 0 |4 0 |6 190_000000000000000_SOR_1954 |7 0 |8 DER_TF |9 290548 |a BIBDER |b BIBDER |d 2019-11-19 |i 1883968 |o 190 SOR 1954 |p 1883968 |r 2023-01-25 |w 2019-11-19 |x Ubicación 4to Piso |y BK |z Estos recursos deben solicitarse con anticipación |k DER | ||